Statistics for Melbourne Cup Winners

Click here to take the quiz!

General Stats

  • This quiz has been taken 29 times
  • The average score is 13 of 42

Answer Stats

Answer% Correct
Makybe Diva2004
80%
Makybe Diva2003
80%
Makybe Diva2005
80%
Media Puzzle2002
80%
Americain2010
60%
Delta Blues2006
60%
Jezabeel1998
60%
Viewed2008
60%
Beldale Ball1980
40%
Black Knight1984
40%
Brew2000
40%
Doriemus1995
40%
Just a Dash1981
40%
Kingston Rule1990
40%
Might and Power1997
40%
Prince of Penzance2015
40%
Rogan Josh1999
40%
Saintly1996
40%
Vintage Crop1993
40%
Vow and Declare2019
40%
At Talaq1986
20%
Dunaden2011
20%
Efficent2007
20%
Empire Rose1988
20%
Fiorente2013
20%
Green Moon2012
20%
Gurner's Lane1982
20%
Jeune1994
20%
Kiwi1983
20%
Let's Elope1991
20%
Shocking2009
20%
Subzero1992
20%
Tawriffic1989
20%
What a Nuisance1985
20%
Almandin2016
0%
Cross Counter2018
0%
Etheral2001
0%
Kensei1987
0%
Protectionist2014
0%
Rekindling2017
0%
Twilight Payment2020
0%
Very Elleegant2021
0%

Score Distribution

Percentile by Number Answered

Percent of People with Each Score

Your Score History

You have not taken this quiz